Java structure (Record no. 1901)

MARC details
000 -LEADER
fixed length control field 00328nam a2200145Ia 4500
008 - FIXED-LENGTH DATA ELEMENTS--GENERAL INFORMATION
fixed length control field 230312s9999||||xx |||||||||||||| ||und||
020 ## - INTERNATIONAL STANDARD BOOK NUMBER
International Standard Book Number 0-07-112163-3
082 ## - DEWEY DECIMAL CLASSIFICATION NUMBER
Classification number 005.133
Item number BAI-J
100 ## - MAIN ENTRY--PERSONAL NAME
Personal name Bailey;Duane
245 #0 - TITLE STATEMENT
Title Java structure
260 ## - PUBLICATION, DISTRIBUTION, ETC.
Name of publisher, distributor, etc. Mcgrawhill
Place of publication, distribution, etc. UK
Date of publication, distribution, etc. 2003
300 ## - PHYSICAL DESCRIPTION
Extent 514
650 ## - SUBJECT ADDED ENTRY--TOPICAL TERM
Topical term or geographic name entry element Computer
942 ## - ADDED ENTRY ELEMENTS (KOHA)
Koha item type BOOK

No items available.

Powered by Koha